coparison on seedling age and tille of acar 11 variety numberat the royal university of agriculture (ប្រៀបធៀបលើអាយុសំណាប និងចំនួនដើមស្ទូងពូជស្រូវខា ១១ នៃសាកលវិទ្យាល័យភូមិន្ទកសិកម្ម) (Record no. 871)
[ view plain ]
| 000 -LEADER | |
|---|---|
| fixed length control field | 00691nam a22001577a 4500 |
| 003 - CONTROL NUMBER IDENTIFIER | |
| control field | OSt |
| 005 - DATE AND TIME OF LATEST TRANSACTION | |
| control field | 20150920090200.0 |
| 008 - FIXED-LENGTH DATA ELEMENTS--GENERAL INFORMATION | |
| fixed length control field | 150920b xxu||||| |||| 00| 0 eng d |
| 040 ## - CATALOGING SOURCE | |
| Transcribing agency | RUA |
| 082 ## - DEWEY DECIMAL CLASSIFICATION NUMBER | |
| Classification number | AGR SOR 2008 B037 Or.1 |
| 100 ## - MAIN ENTRY--PERSONAL NAME | |
| 9 (RLIN) | 903 |
| Personal name | SOR, CHANRITH. |
| 245 ## - TITLE STATEMENT | |
| Title | coparison on seedling age and tille of acar 11 variety numberat the royal university of agriculture (ប្រៀបធៀបលើអាយុសំណាប និងចំនួនដើមស្ទូងពូជស្រូវខា ១១ នៃសាកលវិទ្យាល័យភូមិន្ទកសិកម្ម) |
| 260 ## - PUBLICATION, DISTRIBUTION, ETC. (IMPRINT) | |
| Place of publication, distribution, etc. | Phnom Penh |
| Name of publisher, distributor, etc. | RUA |
| Date of publication, distribution, etc. | 2008 |
| 300 ## - PHYSICAL DESCRIPTION | |
| Extent | 48p. |
| Other physical details | ill. |
| Dimensions | 29cm. |
| 942 ## - ADDED ENTRY ELEMENTS (KOHA) | |
| Source of classification or shelving scheme | |
| Koha item type | AGR |
| Price effective from | Date last seen | Permanent Location | Not for loan | Date acquired | Source of classification or shelving scheme | Koha item type | Lost status | Withdrawn status | Date last checked out | Total Checkouts | Shelving location | Damaged status | Barcode | Current Location | Full call number |
|---|---|---|---|---|---|---|---|---|---|---|---|---|---|---|---|
| 2015-09-20 | 2015-09-20 | Library Block B | 2015-09-20 | AGR | B037 | Library Block B | AGR SOR 2008 B037 Or.1 | ||||||||
| 2015-09-20 | 2015-09-20 | Library Block B | 2015-09-20 | AGR | B037 | RUA002233 | Library Block B | AGR SOR 2008 B037 Or.2 | |||||||
| 2015-09-20 | 2015-09-20 | Library Block B | 2015-09-20 | AGR | B037 | RUA002305 | Library Block B | AGR SOR 2008 B037 Or.3 | |||||||
| 2015-09-20 | 2015-09-20 | Library Block B | 2015-09-20 | AGR | B037 | RUA002449 | Library Block B | AGR SOR 2008 B037 Or.4 | |||||||
| 2015-09-20 | 2018-10-01 | Library Block B | 2015-09-20 | AGR | 2018-10-01 | 2 | B037 | RUA002003 | Library Block B | AGR SOR 2008 B037 Or.5 | |||||
| 2015-09-20 | 2015-09-20 | Library Block B | 2015-09-20 | AGR | B037 | RUA002646 | Library Block B | AGR SOR 2008 B037 Or.6 | |||||||
| 2015-09-20 | 2015-09-20 | Library Block B | 2015-09-20 | AGR | B037 | RUA002720 | Library Block B | AGR SOR 2008 B037 Or.7 | |||||||
| 2015-09-20 | 2015-09-20 | Library Block B | 2015-09-20 | AGR | B037 | RUA002858 | Library Block B | AGR SOR 2008 B037 Or.8 | |||||||
| 2015-09-20 | 2016-08-10 | Library Block B | 2015-09-20 | AGR | 2016-07-19 | 1 | B037 | RUA002648 | Library Block B | AGR SOR 2008 B037 Or.9 |